00789 a2200157 45000010006000000050017000060080041000230030015000640400040000790800056001192450085001752640029002603000019002895050301003081000022006092520920260407155535.0260407a1974 arg spa dAR-UNSa-BCEJYS aAR-UNSa-BCEJYSbspacAR-UNSa-BCEJYS a519.2xProbabilidades y estadística matemática 10aIntroducción a la inferencia estadísitica para administración y economía 1aMéxico :bLimusac1974 a312 p.c25 cm. a1. Procedimientos básicos - 2. Poblaciones y muestras - 3. Estimaciones - 4. Pruebas de hipótesis - 5. Diferencias entre medias - 6. Diferencia entre dos variancias o varias medidas - 7. Relación entre dos conjuntos de mediciones - 8. Cambios con el tiempo - 9. Pruebas para distribuciones.1 aKoosis, Donald J.